000
00261nam a22001217a 4500
008
181102b xxu||||| |||| 00| 0 eng d
041
_a
eng
080
_2
2nd
_a
617
100
_a
5
101
_a
KIR
245
_a
Surgical Diagnosis
_c
Thorek,P
942
_2
udc
_c
BK
999
_c
51648
_d
51648